|
|
|
|
| LEADER |
00000nab a2200000 a 4500 |
| 001 |
vtls010965430 |
| 003 |
SK-MaSNL |
| 005 |
20260305000045.0 |
| 008 |
151013|2015 xo m| | |00 0|hun |
| 038 |
|
|
|a KEVKJB
|
| 040 |
|
|
|a KEVKJB
|b slo
|c KEVKJB
|e AACR2
|
| 041 |
0 |
|
|a hun
|
| 044 |
|
|
|a xo
|c SK
|
| 080 |
|
|
|a 373.5(=511.141)(437.672)
|2 2001
|
| 100 |
0 |
|
|a YP
|4 aut
|9 1574187
|
| 245 |
1 |
0 |
|a Tanévzáró az ipariban
|c [autor] YP.
|
| 300 |
|
|
|b Fotogr.
|
| 610 |
2 |
7 |
|a Stredná odborná škola Jozefa Szakkayho - Szakkay József Szakközépiskola, Grešákova 1 (Košice, Slovensko)
|2 kevkjb
|9 1088805
|
| 650 |
0 |
7 |
|a stredné školy, maďarské
|2 kevkjb
|9 1036055
|
| 651 |
|
7 |
|a Košice (Slovensko)
|2 kevkjb
|9 18694
|
| 773 |
0 |
|
|t Kassai Figyelő
|g Évf. XIII, sz. 7-8 (2015), o. 14-15
|
| 852 |
|
|
|a KEVKJB
|b KIS3GCP
|
| 958 |
|
|
|a HU
|
| 958 |
|
|
|a NM
|
| 999 |
|
|
|c 3211963
|d 3213893
|